[Event "Riga Tech op-A"]
[Site "Riga LAT"]
[Date "2017.08.12"]
[Round "8.12"]
[White "Braun, Arik"]
[Black "Hambleton, Aman"]
[Result "1-0"]
[WhiteElo "2577"]
[BlackElo "2461"]
[PlyCount "69"]
[EventDate "2017.08.07"]
[EventType "swiss"]
[EventRounds "9"]
[EventCountry "LAT"]
[Source "Chess Mix"]
[SourceDate "2017.08.20"]

1. d4 Nf6 2. c4 e6 3. Nc3 Bb4 4. f3 c5 5. d5 b5 6. e4 O-O 7. Nh3 exd5 8. cxd5
d6 9. Nf2 a6 10. a4 bxa4 11. Rxa4 Nbd7 12. Be2 Nb6 13. Ra1 a5 14. O-O Ne8 15.
Qc2 Bd7 16. b3 f5 17. Bb2 fxe4 18. fxe4 Nf6 19. Na2 Qe7 20. Rfd1 Rae8 21. Bf3
Bb5 22. Nxb4 axb4 23. e5 dxe5 24. d6 Qd7 25. Qxc5 e4 26. Bxf6 exf3 27. Be7 Be2
28. Bxf8 Bxd1 29. Rxd1 Qe6 30. Be7 Nd7 31. Qd5 Qxd5 32. Rxd5 Rc8 33. gxf3 Rc3
34. Rd3 Ne5 35. d7 1-0

[Event "Biel Master op"]
[Site "Biel SUI"]
[Date "2017.07.25"]
[Round "2.4"]
[White "Salem, AR Saleh"]
[Black "Hambleton, Aman"]
[Result "1-0"]
[WhiteElo "2638"]
[BlackElo "2471"]
[PlyCount "61"]
[EventDate "2017.07.24"]
[EventType "swiss"]
[EventRounds "9"]
[EventCountry "SUI"]
[Source "Chess Mix"]
[SourceDate "2017.08.10"]

1. e4 c5 2. Nf3 e6 3. d4 cxd4 4. Nxd4 Nc6 5. Nc3 Qc7 6. Be3 a6 7. Qf3 Bd6 8.
O-O-O Be5 9. Na4 Nxd4 10. Bxd4 Bxd4 11. Rxd4 b5 12. Nc3 Qe5 13. Qe3 Ne7 14. Be2
Qc5 15. Rhd1 Nc6 16. R4d3 Qxe3+ 17. Rxe3 Bb7 18. f4 f6 19. e5 fxe5 20. fxe5 Ne7
21. Bh5+ g6 22. Bf3 Bxf3 23. gxf3 Ra7 24. Ne4 Nd5 25. Nd6+ Ke7 26. Re4 Rc7 27.
Rg1 Rc5 28. Rg3 Nf6 29. Re3 Nh5 30. Rg4 Rf8 31. b4 1-0

[Event "Biel Master op"]
[Site "Biel SUI"]
[Date "2017.07.27"]
[Round "4.20"]
[White "Radovanovic, Mihajlo"]
[Black "Hambleton, Aman"]
[Result "0-1"]
[WhiteElo "2337"]
[BlackElo "2471"]
[PlyCount "94"]
[EventDate "2017.07.24"]
[EventType "swiss"]
[EventRounds "9"]
[EventCountry "SUI"]
[Source "Chess Mix"]
[SourceDate "2017.08.10"]

1. Nf3 Nf6 2. c4 d6 3. d4 Nbd7 4. g3 e5 5. Nc3 c6 6. Qc2 exd4 7. Nxd4 Ne5 8.
Qb3 Qe7 9. Bg2 Nd3+ 10. Kf1 Nxc1 11. Rxc1 Qc7 12. Bf3 Bh3+ 13. Bg2 Bd7 14. Bf3
h5 15. h3 g6 16. Kg2 Bg7 17. Rcd1 O-O 18. Qa3 Rfe8 19. Nc2 Bf8 20. Qb3 a6 21.
Rc1 Bg7 22. Rhd1 Re5 23. h4 Rae8 24. Nb4 R5e7 25. Nd3 Bh6 26. Rc2 Bf5 27. Na4
Ng4 28. Kg1 Ne5 29. Kg2 Nxf3 30. exf3 b5 31. cxb5 axb5 32. Nc3 Qd7 33. Ne4 Rxe4
34. Nc5 Rb4 35. Nxd7 Rxb3 36. Nf6+ Kf8 37. Rxc6 Rxb2 38. Nxe8 Kxe8 39. Re1+ Kd7
40. Ra6 Be6 41. a3 Bd2 42. Re2 Bc3 43. Rxb2 Bxb2 44. a4 b4 45. Rb6 Bc3 46. a5
Kc7 47. Rb5 Bc4 0-1

[Event "Biel Master op"]
[Site "Biel SUI"]
[Date "2017.07.30"]
[Round "6.4"]
[White "Bartel, Mateusz"]
[Black "Hambleton, Aman"]
[Result "1-0"]
[WhiteElo "2608"]
[BlackElo "2471"]
[PlyCount "105"]
[EventDate "2017.07.24"]
[EventType "swiss"]
[EventRounds "9"]
[EventCountry "SUI"]
[Source "Chess Mix"]
[SourceDate "2017.08.10"]

1. e4 c5 2. Nf3 e6 3. d4 cxd4 4. Nxd4 Nc6 5. Nc3 Qc7 6. Be3 a6 7. f4 b5 8. Bd3
Bb7 9. Qf3 Nf6 10. O-O-O Nxd4 11. Bxd4 Bc5 12. Bxc5 Qxc5 13. Qg3 O-O 14. e5 Nd5
15. Ne4 Qe3+ 16. Kb1 Qxg3 17. hxg3 h6 18. Nd6 Bc6 19. Be4 f6 20. exf6 Rxf6 21.
Rhe1 Rb8 22. Bf3 a5 23. f5 Nc7 24. g4 Rd8 25. Re5 g6 26. a4 bxa4 27. Rxa5 gxf5
28. gxf5 exf5 29. Nxf5 Bxf3 30. gxf3 d5 31. Nd4 Ra8 32. Rc5 Rf7 33. f4 a3 34.
b3 a2+ 35. Ka1 Na6 36. Rg1+ Kh7 37. Rxd5 Rxf4 38. Rd7+ Kh8 39. Rd6 Kh7 40. Kxa2
Nc7+ 41. Kb2 Raf8 42. Rd7+ R8f7 43. Rxc7 Rxc7 44. Ne6 Rcf7 45. Nxf4 Rxf4 46. c4
h5 47. c5 Rg4 48. Rc1 Rg8 49. c6 Rc8 50. b4 Kg6 51. b5 Kf5 52. b6 Ke6 53. c7
1-0

[Event "Biel Master op"]
[Site "Biel SUI"]
[Date "2017.07.31"]
[Round "7.12"]
[White "Hambleton, Aman"]
[Black "Karthikeyan, Murali"]
[Result "1/2-1/2"]
[WhiteElo "2471"]
[BlackElo "2579"]
[PlyCount "127"]
[EventDate "2017.07.24"]
[EventType "swiss"]
[EventRounds "9"]
[EventCountry "SUI"]
[Source "Chess Mix"]
[SourceDate "2017.08.10"]

1. c4 Nf6 2. Nc3 e5 3. g3 Bb4 4. Bg2 O-O 5. e4 Bxc3 6. bxc3 Re8 7. d3 c6 8. g4
d5 9. g5 Nfd7 10. cxd5 cxd5 11. exd5 Nc5 12. Be3 Nba6 13. Qb1 Bf5 14. Be4 Qd7
15. f3 Rac8 16. Ne2 b5 17. Qd1 Na4 18. Qd2 N6c5 19. h4 Bxe4 20. fxe4 Rf8 21.
Ng3 f6 22. Nf5 fxg5 23. O-O gxh4 24. Rf2 Nb7 25. Bg5 Rxf5 26. Rxf5 Nd6 27. Rxe5
h6 28. Be3 Nxc3 29. Re6 b4 30. Rf1 Re8 31. Rxe8+ Nxe8 32. Bc5 Nf6 33. Bxb4 Qg4+
34. Qg2 Ne2+ 35. Kh2 Ng3 36. Rf3 Qc8 37. Rxf6 gxf6 38. Bd6 Kf7 39. Bxg3 hxg3+
40. Kxg3 Qc3 41. Qf3 Qd2 42. a4 a5 43. Kh3 Qc3 44. Qd1 Qd4 45. Qh5+ Ke7 46. Qf5
Qxd3+ 47. Kh4 Qa6 48. Kh5 Qe2+ 49. Kxh6 Qd2+ 50. Kg7 Qg2+ 51. Qg6 Qg5 52. Kh7
Kd6 53. Qf5 Ke7 54. Qg6 Kd6 55. Qf5 Ke7 56. Qe6+ Kf8 57. Qc8+ Kf7 58. Qd7+ Kf8
59. Qd8+ Kf7 60. Qc7+ Kf8 61. Qb8+ Kf7 62. Qa7+ Kf8 63. Qc5+ Kf7 64. Qc7+
1/2-1/2

[Event "Biel Master op"]
[Site "Biel SUI"]
[Date "2017.08.01"]
[Round "8.13"]
[White "Ali Marandi, Cemil Can"]
[Black "Hambleton, Aman"]
[Result "1-0"]
[WhiteElo "2515"]
[BlackElo "2471"]
[PlyCount "57"]
[EventDate "2017.07.24"]
[EventType "swiss"]
[EventRounds "9"]
[EventCountry "SUI"]
[Source "Chess Mix"]
[SourceDate "2017.08.10"]

1. Nf3 Nf6 2. g3 b6 3. Bg2 Bb7 4. O-O e6 5. c4 c5 6. Nc3 a6 7. Re1 d6 8. e4 Be7
9. d4 cxd4 10. Nxd4 Qc7 11. Be3 Nbd7 12. Rc1 O-O 13. f4 Nc5 14. Bf2 Rac8 15. g4
g6 16. f5 gxf5 17. Nd5 exd5 18. exd5 Rfe8 19. Nxf5 Bf8 20. Bd4 Rxe1+ 21. Qxe1
Re8 22. Qh4 Nfe4 23. Re1 Qd8 24. g5 Bc8 25. Nh6+ Bxh6 26. Qxh6 f6 27. gxf6 Qc7
28. b4 Bf5 29. Rf1 1-0

[Event "Biel Master op"]
[Site "Biel SUI"]
[Date "2017.08.02"]
[Round "9.20"]
[White "Hambleton, Aman"]
[Black "Omar, Noaman"]
[Result "1-0"]
[WhiteElo "2471"]
[BlackElo "2354"]
[PlyCount "55"]
[EventDate "2017.07.24"]
[EventType "swiss"]
[EventRounds "9"]
[EventCountry "SUI"]
[Source "Chess Mix"]
[SourceDate "2017.08.10"]

1. d4 d5 2. Bf4 Nf6 3. e3 c5 4. Nf3 Nc6 5. Nbd2 e6 6. c3 cxd4 7. exd4 Nh5 8.
Bg5 f6 9. Be3 Bd6 10. g3 O-O 11. Bd3 f5 12. Ne5 Nf6 13. Ndf3 Bd7 14. Bf4 Be8
15. Qe2 Ne4 16. Qe3 Nxe5 17. Bxe5 Bh5 18. Bxd6 Qxd6 19. Ne5 Qb6 20. Rb1 Qd8 21.
f3 f4 22. Qg1 fxg3 23. fxe4 dxe4 24. Bc4 g2 25. Qxg2 Qf6 26. Rf1 Bf3 27. Qh3
Qg5 28. Qxe6+ 1-0

[Event "CAN-op"]
[Site "Sault Ste Marie CAN"]
[Date "2017.07.08"]
[Round "1.5"]
[White "Hambleton, Aman"]
[Black "Kiviaho, Robert"]
[Result "1-0"]
[WhiteElo "2471"]
[BlackElo "2141"]
[PlyCount "117"]
[EventDate "2017.07.08"]
[EventType "swiss"]
[EventRounds "9"]
[EventCountry "CAN"]

1. d4 Nf6 2. c4 e6 3. Nc3 Bb4 4. e3 d5 5. Qa4+ Nc6 6. Nf3 O-O 7. Bd3 Re8 8. O-O
e5 9. cxd5 e4 10. Nxe4 Nxe4 11. dxc6 Bd6 12. Qc2 Ng5 13. Nxg5 Qxg5 14. e4 Bf4
15. Bxf4 Qxf4 16. Rac1 b6 17. Rce1 Re6 18. g3 Qd6 19. e5 Qxd4 20. Bxh7+ Kf8 21.
Re4 Qc5 22. Qxc5+ bxc5 23. Bf5 Rxc6 24. Rh4 Rh6 25. Rxh6 gxh6 26. Bxc8 Rxc8 27.
Rc1 Rb8 28. b3 Rb5 29. Kg2 Ke7 30. Kf3 Ke6 31. Kf4 Rb4+ 32. Rc4 Kd5 33. Rxb4
cxb4 34. Kf5 c5 35. Kf6 a5 36. f4 a4 37. Kxf7 c4 38. bxc4+ Kxc4 39. e6 b3 40.
axb3+ axb3 41. e7 b2 42. e8=Q b1=Q 43. Qe6+ Kd4 44. f5 h5 45. Kg7 h4 46. Qd6+
Ke4 47. Qf4+ Kd5 48. Qf3+ Kd6 49. f6 Qa1 50. Qf4+ Ke6 51. g4 h3 52. Qe3+ Kd7
53. Qxh3 Qe5 54. g5+ Kd8 55. Qg3 Qd4 56. Qb8+ Kd7 57. Qb7+ Kd8 58. Qe7+ Kc8 59.
h4 1-0

[Event "CAN-op"]
[Site "Sault Ste Marie CAN"]
[Date "2017.07.10"]
[Round "3.4"]
[White "Hambleton, Aman"]
[Black "Plotkin, Victor"]
[Result "1/2-1/2"]
[WhiteElo "2471"]
[BlackElo "2265"]
[PlyCount "65"]
[EventDate "2017.07.08"]
[EventType "swiss"]
[EventRounds "9"]
[EventCountry "CAN"]

1. d4 Nf6 2. c4 e6 3. Nc3 d5 4. cxd5 exd5 5. Bg5 Be7 6. e3 c6 7. Bd3 Nbd7 8.
Qc2 Nh5 9. Bxe7 Qxe7 10. Nge2 Ndf6 11. h3 g6 12. g4 Ng7 13. O-O-O Bd7 14. Kb1
Ne6 15. f3 h5 16. e4 dxe4 17. fxe4 hxg4 18. e5 Nd5 19. Nxd5 cxd5 20. hxg4 Rf8
21. Nc3 Bc6 22. Nb5 Kd7 23. Qf2 Qb4 24. a3 Qa4 25. Nc3 Qxd4 26. Qf6 Qf4 27. Bf5
gxf5 28. gxf5 Rae8 29. Rhf1 Qg4 30. Rg1 Qf3 31. Rgf1 Qg4 32. Rg1 Qf3 33. Rgf1
1/2-1/2

[Event "CAN-op"]
[Site "Sault Ste Marie CAN"]
[Date "2017.07.11"]
[Round "4.5"]
[White "Perez, Rodney"]
[Black "Hambleton, Aman"]
[Result "1/2-1/2"]
[WhiteElo "2299"]
[BlackElo "2471"]
[PlyCount "41"]
[EventDate "2017.07.08"]
[EventType "swiss"]
[EventRounds "9"]
[EventCountry "CAN"]

1. e4 d6 2. d4 Nf6 3. Nc3 e5 4. dxe5 dxe5 5. Qxd8+ Kxd8 6. Bc4 Ke8 7. Nf3 Bd6
8. Bg5 Nbd7 9. O-O-O a6 10. Rhe1 h6 11. Bh4 Nb6 12. Bb3 Bg4 13. Bxf6 gxf6 14.
Nd5 Nxd5 15. Bxd5 Rb8 16. Rd3 Bc5 17. h3 Be6 18. Re2 Ke7 19. Nh4 Rhg8 20. Nf5+
Bxf5 21. exf5 1/2-1/2

[Event "CAN-op"]
[Site "Sault Ste Marie CAN"]
[Date "2017.07.12"]
[Round "5.5"]
[White "Hambleton, Aman"]
[Black "Henry, Liam"]
[Result "1-0"]
[WhiteElo "1371"]
[BlackElo "2082"]
[PlyCount "59"]
[EventDate "2017.07.08"]
[EventType "swiss"]
[EventRounds "9"]
[EventCountry "CAN"]

1. e4 c5 2. Ne2 d6 3. g3 Nc6 4. Bg2 g6 5. d4 cxd4 6. Nxd4 Bg7 7. Ne2 Nf6 8.
Nbc3 O-O 9. O-O Bg4 10. h3 Bxe2 11. Nxe2 Qb6 12. Nf4 Rfc8 13. c3 Ne5 14. Nd5
Nxd5 15. exd5 Rc7 16. Re1 a5 17. a4 Nc4 18. Ra2 Rac8 19. Bf1 Qc5 20. b3 Ne5 21.
c4 Bf6 22. h4 Nd7 23. h5 Qb4 24. Bh3 Re8 25. Kg2 Nc5 26. Re3 Qb6 27. Rae2 Qa7
28. Rf3 Qb8 29. Qe1 Rd8 30. Qxa5 1-0

[Event "CAN-op"]
[Site "Sault Ste Marie CAN"]
[Date "2017.07.16"]
[Round "9.2"]
[White "Chopra, Aryan"]
[Black "Hambleton, Aman"]
[Result "1/2-1/2"]
[WhiteElo "2491"]
[BlackElo "2471"]
[PlyCount "97"]
[EventDate "2017.07.08"]
[EventType "swiss"]
[EventRounds "9"]
[EventCountry "CAN"]

1. e4 e5 2. Nf3 Nc6 3. Bb5 a6 4. Ba4 Nf6 5. O-O Be7 6. Re1 b5 7. Bb3 O-O 8. a4
Rb8 9. d3 d6 10. h3 Na5 11. Ba2 c5 12. Nbd2 Bd7 13. Nf1 b4 14. Bg5 b3 15. cxb3
Nc6 16. b4 Nxb4 17. Bc4 h6 18. Bd2 a5 19. Ng3 Be6 20. Bb5 Bd7 21. Nh4 Nh7 22.
Nhf5 Bxf5 23. Nxf5 Bg5 24. h4 Bxd2 25. Qxd2 h5 26. g3 g6 27. Ne3 Rb7 28. Rf1
Qf6 29. Nc4 Ra7 30. Kg2 Qe7 31. Rae1 Nf6 32. Qg5 Nc2 33. Rc1 Nd4 34. Ne3 Kh7
35. Bc4 Ne8 36. Nd5 Qxg5 37. hxg5 Nc7 38. f4 Nxd5 39. Bxd5 exf4 40. gxf4 Re7
41. Rf2 f6 42. gxf6 Rxf6 43. Rh1 Kg7 44. Kg3 Re8 45. Rg2 Ref8 46. Rh4 Rb8 47.
Rgh2 Rb4 48. b3 Rb8 49. Rb2 1/2-1/2

[Event "CAN-ch"]
[Site "Montreal,CAN"]
[Date "2017.06.27"]
[Round "1.4"]
[White "Hambleton, Aman"]
[Black "Chabot, Roland"]
[Result "1-0"]
[WhiteElo "2471"]
[BlackElo "2144"]
[PlyCount "99"]
[EventDate "2017.06.27"]
[EventType "swiss"]
[EventRounds "9"]
[EventCountry "CAN"]
[WhiteTeam "Kanada"]
[BlackTeam "Kanada"]
[WhiteTeamCountry "CAN"]
[BlackTeamCountry "CAN"]

1. d4 f5 2. c4 e6 3. g3 Nf6 4. Bg2 Be7 5. Nf3 O-O 6. O-O d6 7. b3 Ne4 8. Bb2
Bf6 9. Nfd2 Nxd2 10. Qxd2 e5 11. Nc3 Nc6 12. e3 e4 13. Nd5 Bg5 14. h4 Bh6 15.
Rac1 Ne7 16. Nxe7+ Qxe7 17. d5 a5 18. Bd4 b6 19. a3 g5 20. hxg5 Bxg5 21. b4
axb4 22. axb4 h5 23. c5 bxc5 24. bxc5 h4 25. f4 Bh6 26. cxd6 cxd6 27. gxh4 Qxh4
28. Rc7 Rf7 29. Rxf7 Kxf7 30. Qb4 Bf8 31. Rc1 Kg8 32. Rc7 Qg3 33. Qb2 Ba6 34.
Qf2 Qxf2+ 35. Kxf2 Rc8 36. Ra7 Bc4 37. Bh3 Bxd5 38. Bxf5 Rc2+ 39. Kg3 Bf7 40.
Bxe4 Rc1 41. Bh7+ Kxh7 42. Rxf7+ Kg8 43. Rd7 Rg1+ 44. Kf3 Rg6 45. Ke4 Re6+ 46.
Kf5 Re8 47. Kg5 Rc8 48. f5 Rc2 49. f6 Rg2+ 50. Kf5 1-0

[Event "CAN-ch"]
[Site "Montreal,CAN"]
[Date "2017.06.28"]
[Round "3.4"]
[White "Hambleton, Aman"]
[Black "Clyde, Jordan"]
[Result "1/2-1/2"]
[WhiteElo "2471"]
[BlackElo "2173"]
[PlyCount "112"]
[EventDate "2017.06.27"]
[EventType "swiss"]
[EventRounds "9"]
[EventCountry "CAN"]

1. d4 d6 2. e4 Nf6 3. f3 e5 4. dxe5 dxe5 5. Qxd8+ Kxd8 6. Bc4 Be6 7. Bxe6 fxe6
8. Nh3 Bd6 9. Nd2 Nbd7 10. a4 a5 11. Nc4 Nb6 12. Nxb6 cxb6 13. Be3 Bc5 14. Bxc5
bxc5 15. Nf2 Ke7 16. Nd1 Ne8 17. Ne3 Nd6 18. O-O-O Rac8 19. Rd2 c4 20. Rhd1
Rhd8 21. c3 Nf7 22. Rxd8 Nxd8 23. h4 Nf7 24. h5 Nd6 25. Ng4 Rc5 26. Kc2 h6 27.
Rh1 b6 28. Rb1 Kd7 29. Kd2 Kc6 30. Rd1 Kd7 31. Nf2 Ke7 32. Rb1 Kd7 33. b4 cxb3
34. Nd3 Nc4+ 35. Ke2 Rc8 36. Rxb3 Ke7 37. Rb5 Rc7 38. g3 Rc8 39. Kf2 Kf6 40. f4
exf4 41. gxf4 g6 42. hxg6 Kxg6 43. Kf3 Kf6 44. Rh5 Kg6 45. Rh3 Nd6 46. Ne5+ Kg7
47. Rg3+ Kh7 48. c4 Nxc4 49. Nd3 Nd2+ 50. Ke2 Nxe4 51. Re3 Nc3+ 52. Kf3 Nxa4
53. Rxe6 Rc3 54. Ke4 Kg7 55. Rd6 Nc5+ 56. Nxc5 Rxc5 1/2-1/2

[Event "CAN-ch"]
[Site "Montreal,CAN"]
[Date "2017.06.28"]
[Round "4.3"]
[White "Oussedik, Elias"]
[Black "Hambleton, Aman"]
[Result "0-1"]
[WhiteElo "2155"]
[BlackElo "2471"]
[PlyCount "68"]
[EventDate "2017.06.27"]
[EventType "swiss"]
[EventRounds "9"]
[EventCountry "CAN"]

1. d4 e6 2. c4 Nf6 3. Nf3 b6 4. g3 Bb7 5. Bg2 g6 6. O-O Bg7 7. Re1 O-O 8. Ne5
Bxg2 9. Kxg2 d5 10. Qc2 c5 11. dxc5 bxc5 12. Nd2 Qb6 13. Ndf3 Nfd7 14. Nxd7
Nxd7 15. cxd5 exd5 16. Rd1 Qb7 17. Bf4 Rfe8 18. Rac1 Rac8 19. b3 h6 20. Qd3 g5
21. Bd2 d4 22. Kg1 Rc6 23. h3 Rce6 24. Re1 Qd5 25. b4 cxb4 26. Bxb4 h5 27. Qc4
Qxc4 28. Rxc4 g4 29. hxg4 hxg4 30. Nxd4 Re4 31. e3 Ne5 32. Rcc1 Nd3 33. Bc3
Nxe1 34. Bxe1 Bxd4 0-1

[Event "CAN-ch"]
[Site "Montreal,CAN"]
[Date "2017.06.29"]
[Round "6.4"]
[White "Hambleton, Aman"]
[Black "Itkin, David"]
[Result "1/2-1/2"]
[WhiteElo "2471"]
[BlackElo "2147"]
[PlyCount "150"]
[EventDate "2017.06.27"]
[EventType "swiss"]
[EventRounds "9"]
[EventCountry "CAN"]

1. d4 Nf6 2. Nf3 g6 3. Bf4 Bg7 4. e3 d6 5. h3 O-O 6. c3 c5 7. Nbd2 Nc6 8. dxc5
dxc5 9. e4 b6 10. Be2 Bb7 11. O-O Qd7 12. Re1 Rad8 13. a4 Nh5 14. Be3 Qc7 15.
Qc2 Ne5 16. Nxe5 Qxe5 17. a5 Nf4 18. Bf1 Qc7 19. axb6 axb6 20. Nc4 f5 21. Qb3
Bxe4 22. Qxb6 Qxb6 23. Nxb6 Nd3 24. Bxd3 Rxd3 25. f3 Bc6 26. Bxc5 Rb8 27. Ra7
e5 28. Rc7 Bb5 29. c4 Be8 30. b4 Bf7 31. Nd7 Re8 32. b5 Bxc4 33. b6 Bb5 34. b7
Rxd7 35. Rxd7 Bxd7 36. Rb1 Kf7 37. b8=Q Rxb8 38. Rxb8 Bf6 39. Rb7 Ke6 40. Rb6+
Kf7 41. Bb4 h5 42. Bc3 f4 43. h4 Bf5 44. Kh2 Ke7 45. g3 fxg3+ 46. Kxg3 Kf7 47.
Rb5 Ke6 48. Bb2 Bd3 49. Rb6+ Kf5 50. Rd6 Bc2 51. Rc6 Bd3 52. Rc5 Ke6 53. Bc3
Bb1 54. Bd2 Be7 55. Rb5 Bd3 56. Rb6+ Kf5 57. Bh6 Bf6 58. Rd6 Bc2 59. Rd5 Bb1
60. Rb5 Bd3 61. Ra5 Ke6 62. Bg5 Bxg5 63. hxg5 Kf5 64. f4 h4+ 65. Kf3 Be4+ 66.
Ke3 h3 67. Rxe5+ Kg4 68. Rxe4 h2 69. f5+ Kxg5 70. fxg6 h1=Q 71. g7 Qh3+ 72. Kf2
Qf5+ 73. Kg3 Qxe4 74. g8=Q+ Qg6 75. Qxg6+ Kxg6 1/2-1/2

[Event "CAN-ch"]
[Site "Montreal,CAN"]
[Date "2017.06.30"]
[Round "7.4"]
[White "Sohal, Tanraj"]
[Black "Hambleton, Aman"]
[Result "1/2-1/2"]
[WhiteElo "2319"]
[BlackElo "2471"]
[PlyCount "93"]
[EventDate "2017.06.27"]
[EventType "swiss"]
[EventRounds "9"]
[EventCountry "CAN"]

1. d4 Nf6 2. c4 e6 3. Nf3 b6 4. g3 Ba6 5. Nbd2 Bb4 6. Qc2 Bb7 7. Bg2 Be4 8. Qd1
Bxd2+ 9. Qxd2 O-O 10. O-O d6 11. Bh3 Nbd7 12. Nh4 Bb7 13. b3 Ne4 14. Qe3 h6 15.
Bg2 f5 16. Ng6 Re8 17. Bb2 Qf6 18. Nf4 g5 19. Nd3 Qg6 20. Rac1 a5 21. f3 Nef6
22. c5 Nd5 23. Qd2 N7f6 24. Rfe1 Ne4 25. fxe4 fxe4 26. Bxe4 Qxe4 27. Nf2 Qg6
28. e4 Nf6 29. cxd6 cxd6 30. d5 e5 31. Rc7 Ba6 32. Ba3 Red8 33. Rc6 Ne8 34.
Rxb6 Bc8 35. Nd3 Qh5 36. Qf2 Bh3 37. Nxe5 Ra7 38. g4 Bxg4 39. Rxd6 Nxd6 40.
Qxa7 Nb5 41. Qb6 Rc8 42. Bb2 Rc2 43. Qd8+ Kh7 44. Qe7+ Kg8 45. Qd8+ Kh7 46.
Qe7+ Kg8 47. Qd8+ 1/2-1/2

[Event "CAN-ch"]
[Site "Montreal,CAN"]
[Date "2017.06.30"]
[Round "8.4"]
[White "Hambleton, Aman"]
[Black "Tomb, Maroun"]
[Result "1-0"]
[WhiteElo "2471"]
[BlackElo "2157"]
[PlyCount "67"]
[EventDate "2017.06.27"]
[EventType "swiss"]
[EventRounds "9"]
[EventCountry "CAN"]

1. d4 d6 2. Nf3 Nf6 3. Bf4 g6 4. h3 Bg7 5. e3 O-O 6. c3 b6 7. Nbd2 Bb7 8. a4 a6
9. Bh2 Nbd7 10. Be2 Ne4 11. Nxe4 Bxe4 12. O-O c5 13. b4 Nf6 14. b5 cxd4 15.
exd4 Bxf3 16. Bxf3 d5 17. Rb1 a5 18. c4 dxc4 19. Rc1 Rc8 20. Bc6 Nd5 21. Rxc4
Nb4 22. d5 Kh8 23. Re1 Bf6 24. Qf3 Kg7 25. Rd1 Rh8 26. d6 e5 27. Qe4 h5 28. d7
Rb8 29. Bxe5 Bxe5 30. Qxe5+ Qf6 31. Qxf6+ Kxf6 32. Re4 Rhd8 33. Rd2 Kf5 34. Re3
1-0

[Event "CAN-ch"]
[Site "Montreal,CAN"]
[Date "2017.07.01"]
[Round "9.1"]
[White "Hambleton, Aman"]
[Black "Sambuev, Bator"]
[Result "0-1"]
[WhiteElo "2471"]
[BlackElo "2539"]
[PlyCount "102"]
[EventDate "2017.06.27"]
[EventType "swiss"]
[EventRounds "9"]
[EventCountry "CAN"]

1. d4 Nf6 2. Nf3 e6 3. Bf4 b6 4. e3 Bb7 5. Bd3 d6 6. O-O h6 7. Nbd2 Nh5 8. Be4
c6 9. Bd3 g5 10. Bg3 Nd7 11. e4 Nxg3 12. hxg3 h5 13. d5 cxd5 14. exd5 Bxd5 15.
Be4 Bxe4 16. Nxe4 g4 17. Nd4 d5 18. Nc3 Bg7 19. Re1 Ne5 20. Nce2 h4 21. Nf4
hxg3 22. fxg3 Qd6 23. c3 Rc8 24. Qe2 Rc4 25. Rad1 Qc5 26. Qf2 b5 27. a3 Rh6 28.
Re3 a6 29. Rd2 Qf8 30. Qe2 Qh8 31. Kf2 Rh1 32. Ndxe6 fxe6 33. Nxe6 Kf7 34. Nd4
Qh2 35. Rd1 Rxd1 36. Qxd1 Qh5 37. Ne2 Ng6 38. Rd3 d4 39. cxd4 Bf8 40. Nc3 Rc6
41. Re3 Rf6+ 42. Kg1 Kg7 43. Re4 Bd6 44. Qxg4 Qxg4 45. Rxg4 Rf5 46. Ne4 Bb8 47.
Nd2 Kf6 48. Nf3 Rh5 49. a4 Kf5 50. Nh2 Rxh2 51. Rxg6 Kxg6 0-1

[Event "Wisconsin int."]
[Site "Madison USA"]
[Date "2017.06.13"]
[Round "1.6"]
[White "Polavaram, Rithik"]
[Black "Hambleton, Aman"]
[Result "1/2-1/2"]
[WhiteElo "1994"]
[BlackElo "2471"]
[PlyCount "83"]
[EventDate "2017.06.13"]
[EventType "swiss"]
[EventRounds "9"]
[EventCountry "USA"]
[Source "Mark Crowther"]
[SourceDate "2017.07.03"]

1. d4 Nf6 2. c4 e6 3. Nc3 Bb4 4. e3 O-O 5. Nge2 c6 6. a3 Ba5 7. b4 Bc7 8. Bb2
d5 9. Ng3 Nbd7 10. Bd3 dxc4 11. Bxc4 e5 12. Nce4 exd4 13. Bxd4 Nxe4 14. Nxe4
Ne5 15. Ba2 Qh4 16. Ng3 b6 17. O-O Ba6 18. Re1 Ng4 19. h3 Nxf2 20. Nf5 Nxd1 21.
Nxh4 c5 22. bxc5 bxc5 23. Bxc5 Nc3 24. Bxf8 Rxf8 25. Nf5 g6 26. Nd4 Be5 27. Kf2
Rb8 28. Reb1 Nxb1 29. Rxb1 Rxb1 30. Bxb1 Bb7 31. Bc2 Kf8 32. Bb3 f5 33. g4 fxg4
34. hxg4 Bf6 35. Kg3 Be5+ 36. Kh4 h6 37. g5 h5 38. Bc2 Kf7 39. Bb3+ Kf8 40. Bc2
Kf7 41. Bb3+ Kf8 42. Bc2 1/2-1/2

[Event "Wisconsin int."]
[Site "Madison USA"]
[Date "2017.06.14"]
[Round "2.13"]
[White "Hambleton, Aman"]
[Black "Kelly, Joey M"]
[Result "1-0"]
[WhiteElo "2471"]
[BlackElo "2039"]
[PlyCount "61"]
[EventDate "2017.06.13"]
[EventType "swiss"]
[EventRounds "9"]
[EventCountry "USA"]
[Source "Mark Crowther"]
[SourceDate "2017.07.03"]

1. e4 c5 2. Ne2 Nc6 3. Nbc3 Nf6 4. g3 g6 5. d4 cxd4 6. Nxd4 Bg7 7. Nde2 a6 8.
Bg2 d6 9. O-O O-O 10. h3 Bd7 11. Be3 Rc8 12. b3 b5 13. a3 b4 14. Nd5 a5 15. Nb6
Rb8 16. Nxd7 Nxd7 17. e5 Qc7 18. exd6 exd6 19. Ra2 Rfc8 20. Nf4 Nf6 21. Qd2 Rd8
22. c4 bxc3 23. Qxc3 d5 24. Rc2 Rbc8 25. Qd3 Qb7 26. Nxd5 Nxd5 27. Bxd5 Qd7 28.
Rd1 Ne5 29. Bxf7+ Nxf7 30. Qxd7 Rxc2 31. Qg4 1-0

[Event "Wisconsin int."]
[Site "Madison USA"]
[Date "2017.06.14"]
[Round "3.5"]
[White "Haessel, Dale"]
[Black "Hambleton, Aman"]
[Result "0-1"]
[WhiteElo "2165"]
[BlackElo "2471"]
[PlyCount "52"]
[EventDate "2017.06.13"]
[EventType "swiss"]
[EventRounds "9"]
[EventCountry "USA"]
[Source "Chess Mix"]
[SourceDate "2017.07.10"]

1. d4 Nf6 2. c4 e6 3. Nc3 Bb4 4. e3 O-O 5. Nge2 Re8 6. a3 Bf8 7. g3 d5 8. cxd5
exd5 9. Bg2 a5 10. O-O Na6 11. f3 c5 12. g4 h6 13. h3 Nc7 14. f4 Ne6 15. Bd2 b6
16. Be1 Bb7 17. Bh4 Be7 18. Bxf6 Bxf6 19. dxc5 Nxc5 20. Nxd5 Bxd5 21. Bxd5 Ra7
22. Bf3 Rd7 23. Qc2 Rd2 24. Qc4 Rxe3 25. Nc3 Bxc3 26. bxc3 Qh4 0-1

[Event "Wisconsin int."]
[Site "Madison USA"]
[Date "2017.06.15"]
[Round "4.3"]
[White "Hambleton, Aman"]
[Black "Bian, Alex"]
[Result "1-0"]
[WhiteElo "2471"]
[BlackElo "2266"]
[PlyCount "96"]
[EventDate "2017.06.13"]
[EventType "swiss"]
[EventRounds "9"]
[EventCountry "USA"]
[Source "Mark Crowther"]
[SourceDate "2017.07.03"]

1. d4 Nf6 2. Bf4 e6 3. Nf3 c5 4. e3 b6 5. Nbd2 Bb7 6. Bd3 Be7 7. h3 cxd4 8.
exd4 O-O 9. O-O d6 10. Re1 Nbd7 11. a4 Re8 12. c3 Bf8 13. Bh2 Qc7 14. a5 Rad8
15. axb6 axb6 16. Bb5 Ra8 17. Qe2 Rxa1 18. Rxa1 Ra8 19. Qd1 e5 20. Rxa8 Bxa8
21. Nc4 Qa7 22. dxe5 Bxf3 23. gxf3 dxe5 24. Nxe5 Nxe5 25. Bxe5 Qe7 26. f4 Ne4
27. Qd5 Nd6 28. Bd3 Ne8 29. Qc6 Nf6 30. Qxb6 Nd7 31. Qe3 Nxe5 32. fxe5 g6 33.
Bc4 Bg7 34. e6 fxe6 35. Qxe6+ Qxe6 36. Bxe6+ Kf8 37. Kf1 Ke7 38. Bg8 h5 39. Ke2
g5 40. f3 Be5 41. Kd3 Kf6 42. Ke4 Bg3 43. c4 Be1 44. Kd5 Kg7 45. Be6 Kf6 46. c5
Ke7 47. Bc8 Kd8 48. Bf5 Kc7 1-0